Top 10 Airlines In the US (by passengers carried) - Statistics

General Stats
  • This quiz has been taken 37 times
  • The average score is 7 of 10
Answer Stats
Answer % Correct
American
100%
Delta
97%
United
88%
Southwest
84%
Alaska
78%
Spirit
78%
Jetblue
66%
Frontier
53%
Air Canada
19%
Volaris
9%
No matching quizzes found
Score Distribution
Percent of People with Each Score
Percentile by Number Answered
Your Score History
You have not taken this quiz